| 000 | 01083nam a2200301 i 4500 | ||
|---|---|---|---|
| 001 | bg | ||
| 003 | KOSZ 005 | ||
| 005 | 20220527143759.0 | ||
| 008 | 070620s1969 pl a f 001 0 pol | ||
| 015 | _aPB 1969/5005 | ||
| 040 |
_aWA N _cKOSZ 005/RW _dKOSZ 005/RW |
||
| 041 | 1 |
_apol _heng |
|
| 080 | _a159.95 | ||
| 100 | 1 |
_aBerlyne, Daniel Ellis _d(1924- ) _eAutor |
|
| 245 | 1 | 0 |
_aStruktura i kierunek myślenia / _cD. E. Berlyne ; [tł. Józef Radzicki]. |
| 246 | 1 |
_iTyt.oryg.: _aStructure and direction in thinking. |
|
| 260 |
_aWarszawa : _bPaństwowe Wydawnictwo Naukowe, _c1969. |
||
| 300 |
_a459, [1] s. : _bil. ; _c23 cm. |
||
| 380 | _aKsiążki. | ||
| 500 | _aNa okł. odwrotna kolejność inicjałów imion aut. | ||
| 504 | _aBibliogr. s. [426]-445. Indeks. | ||
| 650 | 4 | _aMyślenie | |
| 658 | _aPsychologia | ||
| 700 | 1 |
_aRadzicki, Józef _eTłumaczenie |
|
| 710 | 2 |
_aPaństwowe Wydawnictwo Naukowe _4pbl. |
|
| 856 |
_uhttp://koha.tu.koszalin.pl/cgi-bin/koha/opac-detail.pl?biblionumber=8031 _yKatalog online BPK |
||
| 942 |
_2UKD _cKS |
||
| 999 |
_c8031 _d8031 |
||